| 000 | 00549cam a22001934a 4500 | ||
|---|---|---|---|
| 020 | _a9780821377994 | ||
| 020 | _a082137799X | ||
| 040 | _cDLC | ||
| 082 | _a330 WOR 2009 A066 Or. | ||
| 245 | 0 | 0 |
_aGlobal economic prospects : _bcommodities at the crossroads. |
| 260 |
_aWashington, DC : _bWorld Bank, _c2009. |
||
| 300 |
_axv, 180 p. : _bill. ; _c27 cm. |
||
| 650 | 0 | _aEconomic forecasting | |
| 650 | 0 | _aEconomic forecasting. | |
| 650 | 0 | _aEconomic history | |
| 650 | 0 | _aInternational economic relations. | |
| 710 | 2 | _aWorld Bank. | |
| 942 | _cEK | ||
| 999 |
_c14171 _d14171 |
||